| 000 | 00574nam a22001937i 4500 | ||
|---|---|---|---|
| 999 |
_c6059 _d6059 |
||
| 001 | 6494 | ||
| 003 | OSt | ||
| 005 | 20181105103758.0 | ||
| 007 | tu | ||
| 008 | 161220s1991 xxu||||| |||| 00| 0 d | ||
| 024 | 7 |
_a6494 _2RID |
|
| 024 | 7 |
_a6494 _2RSN (alt) |
|
| 040 | _cOSt | ||
| 100 | 1 | _aStankovsky, Jan | |
| 245 | 0 | 0 |
_aDie CSFR auf dem Weg zur Marktwirtschaft: Chancen für Österreich _bVortrag anlässlich des Wirtschaftsforums Podebrady |
| 260 |
_aWien : _bÖsterreichisches Institut für Wirtschaftsforschung (WIFO), _c1991. |
||
| 490 |
_aWIFO Vorträge _v51 |
||
| 942 | _cP | ||